Storočnica Márie Kočanovej

Podrobná bibliografia
Hlavný autor: Maukšová, Felicitas, 1939- (Autor)
Médium: Článok
Jazyk:slovenčina
Predmet:

MARC

LEADER 00000nab a2200000 a 4500
001 vtls000457189
003 SK-MaSNL
005 20260303181937.0
008 230223c1992 xo 0 slo
015 |a SNBRB19rr/mm-uuuuu 
035 |a CL0457320 
035 |a urn:nbn:sk:snk-abat2 
035 |a (urnnbn)urn:nbn:sk:snk:ar-a04xyu 
035 |a (uuid)193396b1-6882-4eab-8f17-bb3e1badb8fc 
040 |a SNKBUCL  |b slo  |c SNKBUCL  |e AACR2 
041 0 |a slo 
044 |a xo  |c SK 
080 |a 82:929:885.4  |2 1981 
080 |a 929  |2 1981 
080 |a 885.4  |2 1981 
080 |a 37  |2 1981 
080 |a 929 Kočanová, Mária  |2 1981 
100 1 |a Maukšová, Felicitas,  |d 1939-  |4 aut  |9 226035 
245 1 0 |a Storočnica Márie Kočanovej  |c Felicitas Maukšová ; Mária Kočanová 
600 1 7 |a Kočanová, Mária,  |d 1890-1976  |2 snkbucl  |9 97846 
655 7 |a články z novín a časopisov  |2 snkbucl  |9 267496 
655 7 |a články z odboru literárna veda a krásna literatúra  |2 snkbucl  |9 770045 
773 0 |t Slovenský jazyk a literatúra v škole  |g Roč. 38, č. 4 (1991/1992), s. 184-187 
850 |a Slovenská národná knižnica v Martine  |a MTA001 
852 |a SNK  |b KIS3GCP 
954 |a odborná, vedecká literatúra pôvodná (slovenská)  |2 lita 
958 |a BX 
958 |a RK 
958 |a LX 
958 |a OND 
958 |a EUIPO 
958 |a article27 
992 |a RBX 
999 |c 2114661  |d 2116591